|
|
|
|
| LEADER |
00000cam a2200000 7i4500 |
| 001 |
0000006428 |
| 005 |
20120720.0 |
| 020 |
|
|
|a 1854226789
|
| 090 |
0 |
0 |
|a JF
|b THU
|
| 245 |
0 |
0 |
|a Thumbelina
|c illustrated by Van Gool
|
| 260 |
|
|
|a Leicester :
|b Magna ,
|c 1994
|
| 300 |
|
|
|a 60p. :
|b ill. ;
|c 29cm.
|
| 490 |
0 |
|
|a A magna fairy tale classic
|
| 650 |
0 |
0 |
|a Children's stories
|
| 999 |
|
|
|a 040009
|b BUKU
|c PINJAMAN
|e PERPUSTAKAAN KOMUNITI PETALING JAYA
|
| 999 |
|
|
|a 040010
|b BUKU
|c PINJAMAN
|e PERPUSTAKAAN KOMUNITI PETALING JAYA
|
| 999 |
|
|
|a 057269
|b BUKU
|c PINJAMAN
|e PERPUSTAKAAN KOMUNITI PETALING JAYA
|
| 999 |
|
|
|a 057270
|b BUKU
|c PINJAMAN
|e PERPUSTAKAAN KOMUNITI PETALING JAYA
|
| 999 |
|
|
|a 057271
|b BUKU
|c PINJAMAN
|e PERPUSTAKAAN KOMUNITI PETALING JAYA
|